Mexican archaeology: An introduction to the archaeology of the mexican and mayan civilization of the pre spanish America. With many illustrations and a map

Kaydedildi:
Detaylı Bibliyografya
Yazar: Joyce, Thomas Athal (Yazar)
Materyal Türü: Kitap
Dil:İngilizce
Baskı/Yayın Bilgisi: Londres Philip Lee Warner 1920
Edisyon:1a. ed
Konular:
Etiketler: Etiketle
Etiket eklenmemiş, İlk siz ekleyin!

MARC

LEADER 00000nam a2200000 a 4500
001 UCJ4905
003 CL-VaPUC
008 070124e19200000UK |||||||||||||||||eng|d
082 0 4 |a 972  |b JOY  |2 21 
100 |a Joyce, Thomas Athal  |e author  |9 302345 
245 1 0 |a Mexican archaeology: An introduction to the archaeology of the mexican and mayan civilization of the pre spanish America. With many illustrations and a map  
250 |a 1a. ed 
300 |a xvi, 371 p 
942 |c BK 
945 |d 20070124 00:00:00  |a rinostro 
260 |a Londres  |b Philip Lee Warner  |c 1920 
500 |a Mapas e ilustraciones de acuerdo con lo señalado en índices 
650 0 |a Arqueología   |9 265619 
650 0 |a Culturas precolombinas  |9 408769 
650 7 |a MAYAS  |2 CL-VaPUC  |9 267590 
650 0 |a Aztecas  |9 265930 
650 0 |a Cultura  |9 269059 
650 0 |a Arte  |9 265238 
650 0 |a Arquitectura  |9 804558 
650 0 |a Cronología   |9 268356 
650 7 |a CALENDARIO  |2 CL-VaPUC  |9 389416 
650 0 |a Ilustraciones  |9 369481 
650 0 |a Mapas  |9 260844 
651 0 |a México  |9 255269 
651 0 |a Guatemala  |9 258335 
583 |a last modification  |c 20070124 00:00:00  |k Rodrigo Vera 
999 |c 321020  |d 321018 
952 |0 0  |1 0  |4 0  |6 972_000000000000000_JOY_1920  |7 0  |8 X  |9 399675  |a FDOBUD  |b FDOBUD  |d 2019-11-22  |i 1027603  |o 972 JOY 1920  |p 1027603  |r 2019-11-22  |w 2019-11-22  |y BK_X  |k BUD